000 00266nam a2200121Ia 4500
008 190216s9999||||xx |||||||||||||| ||und||
100 _aJerom K Jerom
245 4 _aThe Men In A Boat
260 _bOrient Longman
300 _a170
650 _aEnglish
942 _cBK
999 _c14197
_d14197